<?xml version="1.0" encoding="UTF-8"?><?xml-stylesheet type="text/xsl" href="static/style.xsl"?><OAI-PMH xmlns="http://www.openarchives.org/OAI/2.0/" xmlns:xsi="http://www.w3.org/2001/XMLSchema-instance" xsi:schemaLocation="http://www.openarchives.org/OAI/2.0/ http://www.openarchives.org/OAI/2.0/OAI-PMH.xsd"><responseDate>2026-06-01T19:52:06Z</responseDate><request verb="GetRecord" identifier="oai:riuma.uma.es:10630/29285" metadataPrefix="marc">https://riuma.uma.es/rest/oai/request</request><GetRecord><record><header><identifier>oai:riuma.uma.es:10630/29285</identifier><datestamp>2026-02-03T10:55:43Z</datestamp><setSpec>com_10630_2254</setSpec><setSpec>col_10630_37953</setSpec></header><metadata><record xmlns="http://www.loc.gov/MARC21/slim" xmlns:dcterms="http://purl.org/dc/terms/" xmlns:doc="http://www.lyncode.com/xoai" xmlns:xsi="http://www.w3.org/2001/XMLSchema-instance" xsi:schemaLocation="http://www.loc.gov/MARC21/slim http://www.loc.gov/standards/marcxml/schema/MARC21slim.xsd">
   <leader>00925njm 22002777a 4500</leader>
   <datafield ind2=" " ind1=" " tag="042">
      <subfield code="a">dc</subfield>
   </datafield>
   <datafield ind2=" " ind1=" " tag="720">
      <subfield code="a">Sedeño López, José Francisco</subfield>
      <subfield code="e">author</subfield>
   </datafield>
   <datafield ind2=" " ind1=" " tag="260">
      <subfield code="c">2022</subfield>
   </datafield>
   <datafield ind2=" " ind1=" " tag="520">
      <subfield code="a">Los ambiciosos objetivos asumidos en materia de sostenibilidad exigen que se acometa una oleada de renovación del parque inmobiliario. Sin embargo, los incentivos públicos desarrollados hasta el momento parecen insuficientes, por lo que han comenzado a explorarse mecanismos de financiación alternativa, entre los que destaca el Property Assesed Clean Energy (PACE). &#xd;
El objetivo de este trabajo es analizar las principales características del programa PACE y examinar su posible introducción en nuestro ordenamiento jurídico, prestando especial atención a la naturaleza jurídica de la contribución exigida, su procedimiento de recaudación y las garantías legales en caso de impago.</subfield>
   </datafield>
   <datafield ind1="8" ind2=" " tag="024">
      <subfield code="a">Sedeño López, J.F. (2022). Mecanismos de financiación alternativa para impulsar la eficiencia energética y la rehabilitación de edificios en España: La contribución PACE como nueva categoría de prestación patrimonial pública no tributaria. Revista Técnica Tributaria (138), 17-50. https://doi.org/10.48297/rtt.v3i138.2309</subfield>
   </datafield>
   <datafield ind1="8" ind2=" " tag="024">
      <subfield code="a">https://hdl.handle.net/10630/29285</subfield>
   </datafield>
   <datafield ind1="8" ind2=" " tag="024">
      <subfield code="a">10.48297/rtt.v3i138.2309</subfield>
   </datafield>
   <datafield tag="653" ind2=" " ind1=" ">
      <subfield code="a">Vivienda - Aspectos ambientales - Derecho - España - Legislación</subfield>
   </datafield>
   <datafield ind2="0" ind1="0" tag="245">
      <subfield code="a">Mecanismos de financiación alternativa para impulsar la eficiencia energética y la rehabilitación de edificios en España: La contribución PACE como nueva categoría de prestación patrimonial pública no tributaria</subfield>
   </datafield>
</record>
</metadata></record></GetRecord></OAI-PMH>